000 00423nam a2200145Ia 4500
008 100122s9999 xx 000 0 und d
082 _b20094
_a823.08
100 _aइंगळे वामन
245 _aकवच कुंडले
260 _bरविराज प्रकाशन
_c1973
300 _a93
630 _aकवच कुंडले
730 _aकवच कुंडले
942 _cBOOK
999 _c408869
_d408866